Business partner: An intermediate business English course
Gardado en:
| Autor Principal: | |
|---|---|
| Formato: | Libro |
| Idioma: | Undetermined |
| Publicado: |
Lincolnwood, Illinois
NTC
2000
|
| Những chủ đề: | |
| Các nhãn: |
Engadir etiqueta
Sen Etiquetas, Sexa o primeiro en etiquetar este rexistro!
|
| Thư viện lưu trữ: | Trung tâm Học liệu Trường Đại học Cần Thơ |
|---|
| LEADER | 00568nam a2200205Ia 4500 | ||
|---|---|---|---|
| 001 | CTU_65692 | ||
| 008 | 210402s9999 xx 000 0 und d | ||
| 020 | |b 170000 | ||
| 082 | |a 428.24 | ||
| 082 | |b B877 | ||
| 100 | |a Pesrson Brown | ||
| 245 | 0 | |a Business partner: An intermediate business English course | |
| 245 | 0 | |c Pesrson Brown and John Allison | |
| 260 | |a Lincolnwood, Illinois | ||
| 260 | |b NTC | ||
| 260 | |c 2000 | ||
| 650 | |a english language | ||
| 650 | |x business english | ||
| 904 | |i Minh | ||
| 980 | |a Trung tâm Học liệu Trường Đại học Cần Thơ | ||